000 00773nam a22002417a 4500
001 5018
003 FISKH
005 20241031160426.0
008 241031b cb ||||| |||| 00| 0 eng d
020 _a9780671880316
040 _aFISKH
_beng
_cFISKH
_dFISKH
050 _aPR9619.K46
082 _a823
100 _aKeneally, Thomas
245 _aSchindier's List /
_cby Thomas Keneally
260 _aNew York :
_bSimon & Schuster ;
_c1982 .
300 _a398 pages :
_billustrations ;
_c22 cm.
520 _aThe story of a man who took incredible risks and spent his considerable fortune to build a factory camp to protect Jews in World War II Germany.
650 _aSchindler
_vfiction
700 _aTim, Laing
_eillustrator
942 _2ddc
_cBK
_n0
999 _c5018
_d5018